000 00629nam a2200229Ia 4500
003 OSt
005 20220926015134.0
006 a|||||r|||| 00| 0
007 ta
008 220923b |||||||| |||| 00| 0 eng d
037 _cGeneral Book
040 _aRTL
_cRTL
_beng
041 _2eng
_aeng
082 _aY15.73.N7, M0
100 _aDegler Carl N
245 0 _aAt odds
_b Women and the family in America from the
260 _aNew York
_bOxford
_c1980
300 _axiv,527p
_ccm.
650 _aWoman Sociology
942 _hY15.73.N7, M0
_cGB
_2CC
999 _c630653
_d630653